| 000 | 00739nam a2200229 a 4500 | ||
|---|---|---|---|
| 001 | 49019 | ||
| 003 | BD-RjUL | ||
| 005 | 20211209054625.0 | ||
| 008 | 160817s1952 bg ||||| |||| 00| 0 ben d | ||
| 020 | _a: Tk.2.00 | ||
| 035 | _a(BD-RjUL)49138 | ||
| 040 |
_aBD-RjUL _bben _cBD-RjUL _dBD-RjUL |
||
| 041 | _aben | ||
| 082 |
_223 _a891.441 _bAHS 1952 |
||
| 100 |
_aআহমদ, ফররুখ _9127321 |
||
| 245 | 1 | 0 |
_aসিরাজাম মুনীরা / _cফররুখ আহমদ |
| 260 |
_aঢাকা : _bতমদ্দুন প্রেস, _c১৯৫২ |
||
| 300 |
_a৮৮ পৃ. ; _c২২ সেমি. |
||
| 650 |
_aবাংলা কবিতা _9147527 |
||
| 650 |
_aBengali poetry _9147528 |
||
| 942 |
_2ddc _cBK |
||
| 999 |
_c49019 _d49019 |
||